電化されている私鉄・三セクの路線(サドンデス) - Statistics

General Stats
  • This quiz has been taken 72 times
    59 since last reset
  • The average score is 8 of 10
Answers on the Grid
Answers color-coded by a green-red scale on the quiz's grid according to % correct below.
津軽鉄道線
三陸鉄道リアス線
阿武隈急行
鹿島臨海鉄道鹿島大洗線
わたらせ渓谷鉄道
東武鉄道小泉線
秩父鉄道秩父本線
北総鉄道線
北越急行ほくほく線
万葉線
のと鉄道線
アルピコ交通上高地線
樽見鉄道線
静岡鉄道線
遠州鉄道線
伊賀鉄道線
伊勢鉄道線
北条鉄道線
紀州鉄道線
若桜鉄道線
井原鉄道線
錦川鉄道線
甘木鉄道線
松浦鉄道線
島原鉄道線
南阿蘇鉄道線
くま川鉄道線
 
Answer Stats
Answer % Correct
東武鉄道小泉線
87%
北越急行ほくほく線
85%
北総鉄道線
81%
万葉線
79%
静岡鉄道線
79%
遠州鉄道線
79%
伊賀鉄道線
79%
秩父鉄道秩父本線
77%
阿武隈急行
74%
アルピコ交通上高地線
70%
No matching quizzes found
Score Distribution
Percent of People with Each Score
Percentile by Number Answered
Your Score History
You have not taken this quiz since the last reset